Mamíferos del Chaco y de la Chiquitania de Santa Cruz, Bolivia (Registro nro. 8810)
[ vista simple ]
| 000 -CABECERA | |
|---|---|
| Campo de control | 00842nam a22002297a 4500 |
| 005 - FECHA Y HORA DE LA ULTIMA TRANSACCION | |
| Campo de control | 20141120121048.0 |
| 008 - ELEMENTOS DE LONGITUD FIJA—INFORMACION GENERAL | |
| Campo de control | 141119b2003 bo Il. |r|||| 00| 0 spa d |
| 020 ## - ISBN | |
| ISBN | 9990566305 |
| 040 ## - FUENTE DE CATALOGACIÓN | |
| Agencia transcriptora | CO-BoIH |
| 041 ## - IDIOMA | |
| Código de idioma para texto/pista de sonido o título separado | Español |
| 082 ## - NUMERO DE CLASIFICACION DECIMAL DEWEY | |
| Número de clasificación | 599 |
| Número del ítem | C96m |
| 100 1# - ASIENTO PRINCIPAL--NOMBRE PERSONAL | |
| Nombre personal | Cuéllar, Erika |
| 245 ## - MENCION DE TITULO | |
| Título | Mamíferos del Chaco y de la Chiquitania de Santa Cruz, Bolivia |
| Mención de responsabilidad | Erika, Cuéllar... (et al.) |
| 260 ## - PUBLICACION, DISTRIBUCION, ETC. (PIE DE IMPRENTA) | |
| Lugar de publicación, distribución, etc. | Bolivia : |
| Nombre del editor, distribuidor, etc. | Wildlife, |
| -- | Wildlife Conservation Society, |
| Fecha de publicación, distribución, etc. | 2003. |
| 300 ## - DESCRIPCION FISICA | |
| Extensión | 202 pag. |
| Otros detalles físicos | Fot., il., tab. |
| Dimensiones | 22 cm. |
| 504 ## - NOTA DE BIBLIOGRAFIA, ETC. | |
| Nota de bibliografía | Incluye referencias bibliográficas (pag 189-202) |
| 650 ## - ASIENTO SECUNDARIO DE MATERIA - TERMINO TEMATICO | |
| Término temático o nombre geográfico como elemento de entrada | Mamíferos |
| Subdivisión geográfica | Santa Cruz (Dpt. Bolivia) |
| 650 ## - ASIENTO SECUNDARIO DE MATERIA - TERMINO TEMATICO | |
| Término temático o nombre geográfico como elemento de entrada | Mamíferos |
| Subdivisión general | Clasificación |
| Subdivisión geográfica | Santa Cruz (Dpt.Bolivia) |
| 650 ## - ASIENTO SECUNDARIO DE MATERIA - TERMINO TEMATICO | |
| Término temático o nombre geográfico como elemento de entrada | Habitat (ecología) |
| Subdivisión geográfica | Santa Cruz (Dpt.Bolivia) |
| 700 ## - ASIENTO SECUNDARIO - NOMBRE PERSONAL | |
| Nombre personal | Noss, Andrew |
| 942 ## - ELEMENTOS ADICIONALES (KOHA) | |
| Sistema de clasificación | Dewey Decimal Classification |
| Tipo de ítem | Libro |
| Withdrawn status | Lost status | Sistema de Clasificación | Damaged status | No para préstamo | Colección | Inventariado | Ubicación Permanente | Ubicación actual | Fecha de adquisición | Fuente de Valor | Valor | Total Checkouts | Número topográfico | Inventario / Código de Barras | Date last seen | Ejemplar | Price effective from | Forma de adquisición | Tipo de material |
|---|---|---|---|---|---|---|---|---|---|---|---|---|---|---|---|---|---|---|---|
| Dewey Decimal Classification | General | Inventariado 2017 | Bogotá | Bogotá | 20/11/2014 | Instituto | 15000.00 | LB-599 C96m | 038437 | 20/11/2014 | Ej. 1 | 20/11/2014 | Libro |